00876nam a2200265Ia 4500008004100000020002200041050002000063050001400083100002200097245001600119245006600135245003900201260001000240260002900250260000900279300001600288300002000304300001100324500002000335650004200355650003600397650003300433999001900466952012500485160621s9999 xx 000 0 und d a978-0-470-10122-3 aComSc HD 30.213 b.G37 2008 aGardner, Cynthia. aMIS cases : bsolving small business scenarios using application software / cCynthia Gardner, Eugene Rathswohl. aUSA : bJohn Wiley & Sons, Inc., c2008 a134 pages : billustrations ; c23 cm. aIncludes index. aInformation technology -- Management. aManagement information systems. xBusiness -- Data processing. c296137d296137 001040aSMCbSMCcComScd2008-01-09g2.00l0oComSc HD 30.213 .G37 2008pSMC03891r2016-06-21 00:00:00w2016-06-21yBK